Nomenclátor de las ciudades, villas, lugares, aldeas y demás entidades de población de España formado por la Dirección General de Estadística, con referencia al 31 de diciembre de 1920 : Provincia de Barcelona Provincia de Barcelona
MARC
| LEADER | 00000nam a2200000Ia 4500 | ||
|---|---|---|---|
| 001 | 12057 | ||
| 008 | 160829s1924 xx 000 0 cat d | ||
| 080 | |a RF-11-20 | ||
| 100 | |a Espanya. Dirección General de Estadística |9 22371 | ||
| 245 | |a Nomenclátor de las ciudades, villas, lugares, aldeas y demás entidades de población de España formado por la Dirección General de Estadística, con referencia al 31 de diciembre de 1920 : |b Provincia de Barcelona | ||
| 260 | |a Madrid : |b (Talleres del Instituto Geográfico), |c 1924 | ||
| 300 | |a 49 p. ; |c 34 cm | ||
| 590 | |a Prové de OP-38 | ||
| 650 | |a Topònims |x Barcelona (Província) |x Estadístiques |9 46859 | ||
| 650 | |a Edificis |x Barcelona (Província) |x Estadístiques |9 46860 | ||
| 650 | |a Barcelona (Província) |x Població |x Estadístiques |9 46861 | ||
| 856 | 4 | |u https://media.diba.cat/diba/fitxers/arxiu/fulletons/bib_12057_1924_baixa.pdf |y Accés lliure | |
| 856 | 4 | |u https://media.diba.cat/diba/fitxers/arxiu/fulletons/bib_12057_1924_baixa.pdf |y Accés lliure | |
| 901 | |a Arxiu | ||
| 942 | |n 1 |2 udc | ||
| 952 | |0 0 |1 0 |4 0 |6 RF1120 |7 1 |9 53498 |a Arxiu |b Arxiu |d 2016-12-01 |l 0 |o RF-11-20 |p 12057 |r 2016-12-01 00:00:00 |w 2016-12-01 |y ARXIU | ||
| 999 | |c 57364 |d 57364 | ||
| 900 | |a bib_12057_1924_baixa.pdf | ||